「温泉」のつく大手コンビニ店舗名 - Statistics

General Stats
  • This quiz has been taken 60 times
  • The average score is 32 of 83
Answer Stats
都道府県 所在地 Answer % Correct
北海道 登別市 登別温泉
82%
石川県 加賀市 加賀温泉駅前
80%
岐阜県 下呂市 下呂温泉北
73%
岐阜県 下呂市 下呂温泉
73%
兵庫県 神戸市 有馬温泉
69%
兵庫県 神戸市 有馬温泉駅前
69%
北海道 函館市 函館湯の川温泉
67%
北海道 函館市 函館湯の川温泉
67%
北海道 虻田郡洞爺湖町 洞爺湖温泉
65%
山口県 山口市 湯田温泉スマートインター
61%
佐賀県 武雄市 武雄温泉駅前通り
61%
山口県 山口市 山口湯田温泉
61%
山口県 山口市 山口湯田温泉3丁目
61%
山口県 山口市 山口湯田温泉4丁目
61%
石川県 七尾市 七尾和倉温泉
59%
佐賀県 嬉野市 嬉野温泉
59%
福井県 あわら市 あわら温泉口
59%
佐賀県 嬉野市 嬉野温泉
59%
佐賀県 嬉野市 嬉野温泉駅前
59%
滋賀県 大津市 おごと温泉
57%
滋賀県 大津市 おごと温泉
57%
滋賀県 大津市 ハートインJRおごと温泉駅前
57%
山梨県 笛吹市 石和温泉駅前
55%
岩手県 花巻市 花巻南温泉峡口
55%
兵庫県 豊岡市 城崎温泉
55%
山形県 山形市 山形蔵王温泉
55%
北海道 釧路市 阿寒湖温泉
51%
北海道 釧路市 阿寒湖温泉
51%
北海道 釧路市 阿寒湖温泉四丁目
51%
静岡県 伊豆市 伊豆修善寺温泉
49%
鹿児島県 霧島市 霧島温泉丸尾
49%
山形県 東根市 東根温泉1丁目
47%
栃木県 日光市 鬼怒川温泉さくら通り
45%
福島県 福島市 福島飯坂温泉駅前
43%
静岡県 伊豆市 修善寺温泉
43%
宮城県 大崎市 大崎鳴子温泉
43%
富山県 黒部市 宇奈月温泉
43%
新潟県 西蒲原郡弥彦村 弥彦温泉前
41%
山形県 南陽市 赤湯温泉
39%
兵庫県 新温泉町 新温泉七釜
39%
鳥取県 三朝町 鳥取三朝温泉
39%
鳥取県 三朝町 三朝温泉
39%
石川県 加賀市 加賀山代温泉入口
35%
山梨県 甲府市 甲斐湯村温泉郷
35%
山形県 鶴岡市 あつみ温泉インター
35%
島根県 松江市 玉造温泉
35%
北海道 札幌市 定山渓温泉東
35%
兵庫県 新温泉町 湯村温泉
35%
神奈川県 秦野市 鶴巻温泉駅前
33%
栃木県 那須塩原市 塩原温泉
31%
鳥取県 米子市 米子皆生温泉
31%
岡山県 美作市 美作湯郷温泉
31%
宮城県 刈田郡蔵王町 遠刈田温泉
29%
鳥取県 米子市 皆生温泉入口
29%
長野県 松本市 松本浅間温泉1丁目
29%
北海道 北見市 温根湯温泉
27%
群馬県 安中市 安中磯部温泉入口
27%
長野県 上田市 鹿教湯温泉
27%
静岡県 賀茂郡東伊豆町 伊豆稲取温泉口
27%
宮崎県 えびの市 えびの京町温泉
27%
長野県 松本市 浅間温泉
27%
岡山県 美作市 美作湯郷温泉前
22%
長崎県 雲仙市 小浜温泉
22%
北海道 白老郡白老町 白老虎杖浜温泉
18%
山梨県 春日居温泉郷
18%
熊本県 阿蘇市 阿蘇内牧温泉入口
18%
福島県 二本松市 あだたら高原岳温泉
18%
新潟県 新発田市 月岡温泉
18%
群馬県 沼田市 利根老神温泉入口
16%
石川県 小松市 小松粟津温泉
16%
埼玉県 秩父市 道の駅大滝温泉
14%
長野県 千曲市 信州上山田温泉
14%
石川県 小松市 粟津温泉
14%
京都府 京丹後市 木津温泉
14%
岡山県 真庭市 湯原温泉
14%
三重県 津市 榊原温泉口
12%
静岡県 浜松市 浜松舘山寺温泉
10%
熊本県 熊本市 植木温泉
8%
鳥取県 鳥取市 末広温泉町
6%
兵庫県 姫路市 夢前塩田温泉
4%
鳥取県 鳥取市 吉岡温泉口
4%
鳥取県 倉吉市 関金温泉
4%
鳥取県 鳥取市 浜村鹿野温泉インター
2%
No matching quizzes found
Score Distribution
Percent of People with Each Score
Percentile by Number Answered
Your Score History
You have not taken this quiz